Catalog

Record Details

Catalog Search



Judendeportationen aus dem Reichsgebiet. I  Cover Image Book Book

Judendeportationen aus dem Reichsgebiet. I / aZentrale Stelle der Landesjustizverwaltungen Ludwigsburg

Record details

  • Physical Description: 83 stran
  • Publisher: Ludwigsburg : Zentrale Stelle der Landesjustizverwaltungen, [rok vydání není známý]

Content descriptions

General Note:
Strojopis

Available copies

  • 1 of 1 copy available at Common Catalog SPOK.

Holds

  • 0 current holds with 1 total copy.
Show Only Available Copies
Location Call Number / Copy Notes Barcode Shelving Location Status Due Date
The Jewish community of Prague J 512/1 4638304788 J - Judaika Available -

LDR nam a22 i 4500
00157378
003CZ-PrJAB
00520240521074654.0
007ta
008240521b gw e 000 0 ger d
040 . ‡aABE461 ‡bcze ‡erda
1102 . ‡aZentrale Stelle der Landesjustizverwaltungen Ludwigsburg ‡4aut
24510. ‡aJudendeportationen aus dem Reichsgebiet. ‡nI / ‡caZentrale Stelle der Landesjustizverwaltungen Ludwigsburg
264 1. ‡aLudwigsburg : ‡bZentrale Stelle der Landesjustizverwaltungen, ‡c[rok vydání není známý]
300 . ‡a83 stran
336 . ‡atext ‡btxt ‡2rdacontent
338 . ‡asvazek ‡bnc ‡2rdacarrier
500 . ‡aStrojopis
910 . ‡aABE461
995 . ‡askn
901 . ‡a57378 ‡bAUTOGEN ‡c57378 ‡tbiblio

Additional Resources